Word Ladder: Roald Dahl Book II Quiz Stats

 Plays Quiz Updated Mar 16, 2018

Challenge
Share
Tweet
Embed
Score 0/11 Timer 03:00
0 Plays Today
Clue 4-Letter Word % Correct
Fail to winLOSE
98.3%
MissingLOST
97.5%
Company that makes high end speakersBOSE
95.4%
What a bank robber gets away withLOOT
95.1%
The opposite of acidBASE
93.5%
A sound from a car hornTOOT
92.4%
SimplicityEASE
80.4%
The old name of Standard Oil gas stations, still seen in CanadaESSO
69.7%
A form of 'to be,' in LatinESSE
67.7%
Last word of a Roald Dahl book title
which is a slow reptile written backwards
TROT
47.4%
First word of a Roald Dahl book title
which is a slow reptile written backwards
ESIO
43.8%

Today's Daily Dose

You're not logged in!

Compare scores with friends on all Sporcle quizzes.
Join for Free
OR
Log In

You Might Also Like...

Show Comments

Extras

Top Quizzes Today


Score Distribution

Your Account Isn't Verified!

In order to create a playlist on Sporcle, you need to verify the email address you used during registration. Go to your Sporcle Settings to finish the process.

Report this User

Report this user for behavior that violates our Community Guidelines.

Details: